000 00864nam a22002537a 4500
003 DO-SdBNP
005 20260303090148.0
007 ta
008 210324b2019 dr a|||| |||| 00| 0 spa d
020 _a9789945613308
040 _aDO-SdBNP
_bspa
_cBNPHU
082 4 _222
_aRD923.31
_bC374
245 1 0 _aCausa número 1225-1950 por el secuestro y desaparición de Mauricio Báez /
_ccompilador, Eliades Acosta Matos
260 _aSanto Domingo :
_bArchivo General de la Nación,
_c2019.
300 _a191 p. :
_bil., retr. ;
_c23 cm.
490 1 _aArchivo General de la Nación.
490 1 _aCuadernos populares;
_v7
590 _aInventariado, 2021 / DG / BT
700 1 _aAcosta Matos, Eliades,
_d1959-
_ecompilador
_974479
830 _aArchivo General de la Nación
_980512
830 0 _aCuadernos populares;
_n7
_980513
910 _aD/G
942 _2ddc
_cLBS1
999 _c49678
_d49678